| 000 | 00496 a2200193 4500 | ||
|---|---|---|---|
| 020 | _a0170107728 | ||
| 024 | _a9780170107723 | ||
| 082 | _a657.046 | ||
| 090 |
_c2356 _d2356 |
||
| 100 | _aTrotman,Ken | ||
| 245 |
_aFinancial Accounting _bAn Integrated Approach _cKen Trotman |
||
| 250 | _a2nd | ||
| 260 |
_aAustralia _bThomson Nlson Australia Pty Limitd _c1998 |
||
| 300 | _a790 | ||
| 500 | _aPaper Cover | ||
| 600 | _aTrotman,Ken | ||
| 700 | _aTrotman,Ken | ||
| 942 |
_aNBS _cBK _k657.046 TRO |
||
| 999 |
_c344854 _d344854 |
||